=LDR 00000nam 2200000 4500 =001 INLIS000000000013095 =005 20130612104535 =008 ***********************************Ind** =035 ##$$0010-061300000013095 =041 ##$$a Ind =082 ##$$a 005.74 =090 ##$$a 005.74, Kad d =100 ##$$a Kadir, Abdul =245 ##$$a Dasar aplikasi database My SQL - Qelphi, Abdul Kadir =260 ##$$a 2004 $b Yogyakarta =300 ##$$a 544 hlm, ilus, 23 cm =650 ##$$a SQL Database =850 ##$$a NBPNMAT